|
|
|
|
| LEADER |
00000nab a2200000 a 4500 |
| 001 |
vtls000724422 |
| 003 |
SK-MaSNL |
| 005 |
20260302195657.0 |
| 008 |
040806c2000 xo 0 slo |
| 015 |
|
|
|a SNBRB2000/06-16536
|
| 035 |
|
|
|a CLN000076586
|
| 040 |
|
|
|a SNKBUCL
|b slo
|c SNKBUCL
|e AACR2
|
| 041 |
0 |
|
|a slo
|
| 044 |
|
|
|a xo
|c SK
|
| 080 |
|
|
|a 352:061.25(437.6):061.3
|2 UDC-MRF-SK2
|
| 100 |
1 |
|
|a Škrabálková, Margita
|4 aut
|9 842951
|
| 245 |
1 |
0 |
|a ZMOS nesúhlasí s výhradami primátorov krajských miest
|b ďaleko je k zhode v územnosprávnych ...
|c Margita Škrabálková
|
| 610 |
2 |
7 |
|a Združenie miest a obcí Slovenska.
|b Predsedníctvo
|x zasadanie
|y 18.5.2000
|2 snkbucl
|9 917539
|
| 655 |
|
7 |
|a články z novín a časopisov
|2 snkbucl
|9 267496
|
| 773 |
0 |
|
|x 1335-4698
|t Slovenská republika
|g Roč. 8, č. 114 (19.5.2000), s. 4
|
| 850 |
|
|
|a Slovenská národná knižnica v Martine
|
| 852 |
|
|
|a SNK
|b KIS3GCP
|
| 999 |
|
|
|c 1453545
|d 1455475
|